LEADER 00720nam0 2200241 450 001 000002080 005 20050630115600.0 010 $a0-442-01655-7 100 $a--------d1994----km-y0itay50------ba 101 $aeng 102 $aUS 200 1 $aHospitality management accounting$fMichael M. Coltman 205 $a5. ed. 210 $aNew York$cVan Nostrand Reinhold$d1994c 215 $aVIII, 536 p.$d24 cm 610 1 $aImprese alberghiere$aContabilità 676 $a657.837 700 1$aColtman,$bMichael M.$0107470 801 0$aIT $bUNIPARTHENOPE $gRICA $2UNIMARC 912 $a000002080 951 $cNAVA1$aStarlauro 1$b32049$d20001116 996 $aHospitality management accounting$91223865 997 $aUNIPARTHENOPE